书目信息 |
| 题名: |
全球供应链与外包关系风险
|
|
| 作者: | 贾景姿 著 | |
| 分册: | ||
| 出版信息: | 长春 吉林大学出版社 2021 |
|
| 页数: | 171页 | |
| 开本: | 24cm | |
| 丛书名: | ||
| 单 册: | ||
| 中图分类: | F259.1 , F259 | |
| 科图分类: | ||
| 主题词: | 供应链管理--研究--世界 | |
| 电子资源: | ||
| ISBN: | 978-7-5692-9201-5 | |
| 000 | 00830nam0 2200229 450 | |
| 001 | 2367311466 | |
| 005 | 20231204184203.98 | |
| 010 | @a978-7-5692-9201-5@dCNY48.00 | |
| 100 | @a20220218d2021 em y0chiy50 ea | |
| 101 | 0 | @achi |
| 102 | @aCN@b220000 | |
| 105 | @ay z 000yy | |
| 200 | 1 | @a全球供应链与外包关系风险@Aquan qiu gong ying lian yu wai bao guan xi feng xian@e基于海南自贸港建设背景@f贾景姿著 |
| 210 | @a长春@c吉林大学出版社@d2021 | |
| 215 | @a171页@d24cm | |
| 330 | @a本书共11章,内容包括:全球供应链与外包、全球供应链风险、供应链风险管理的理论基础、代理关系风险与任务复杂度、正式控制与非正式控制、理论模型及研究假设、量表与数据等。 | |
| 606 | 0 | @a供应链管理@x研究@y世界 |
| 690 | @aF259.1@v5 | |
| 690 | @aF259@v4 | |
| 701 | 0 | @a贾景姿@Ajia jing zi@4著 |
| 801 | 0 | @aCN@b91MARC@c20220319 |
| 905 | @aZUCC@dF259@e5 | |
| 全球供应链与外包关系风险:基于海南自贸港建设背景/贾景姿著.-长春:吉林大学出版社,2021 |
| 171页;24cm |
| ISBN 978-7-5692-9201-5:CNY48.00 |
| 本书共11章,内容包括:全球供应链与外包、全球供应链风险、供应链风险管理的理论基础、代理关系风险与任务复杂度、正式控制与非正式控制、理论模型及研究假设、量表与数据等。 |
| ● |
| 相关链接 |
|
|
|
正题名:全球供应链与外包关系风险
索取号:F259/5
 
预约/预借
| 序号 | 登录号 | 条形码 | 馆藏地/架位号 | 状态 | 备注 |
| 1 | 2001261907 | 2001261907 | 辽宁北方(第一批)/辽宁北方(第一批)/204/ [索取号:F259/5] | 在馆 | |
| 2 | 2001261908 | 2001261908 | 辽宁北方(第一批)/辽宁北方(第一批)/204/ [索取号:F259/5] | 在馆 | |
| 3 | 2001261909 | 2001261909 | 辽宁北方(第一批)/辽宁北方(第一批)/204/ [索取号:F259/5] | 在馆 | |
| 4 | 2001261910 | 2001261910 | 辽宁北方(第一批)/辽宁北方(第一批)/204/ [索取号:F259/5] | 在馆 | |
| 5 | 2001261911 | 2001261911 | 辽宁北方(第一批)/辽宁北方(第一批)/204/ [索取号:F259/5] | 在馆 | |
| 6 | 2001261912 | 2001261912 | 辽宁北方(第一批)/辽宁北方(第一批)/204/ [索取号:F259/5] | 在馆 |